000 01057cam a2200325 i 4500
999 _c200428988
_d46912
001 200428988
003 TR-AnTOB
005 20250114111028.0
007 ta
008 141002s2013 tu 000 p tur d
020 _a9789759954451
040 _aSTF
_beng
_erda
_cSTF
_dBGZ
_dTR-AnTOB
041 _atur
050 1 _aPL248.T28
090 _aPL248.T28
_bB88 2013
100 0 _aTarhan, Abdülhak Hâmit,
_d1852-1937
_eauthor
_915046
245 1 0 _aBütün şiirleri /
_cAbdülhak Hâmid Tarhan ; hazırlayan, İnci Enginün.
250 _a1. Baskı
264 1 _aİstanbul :
_bDergâh Yayınları,
_c2013.
300 _a822 pages ;
_c21 cm
336 _atext
_btxt
_2rdacontent
337 _aunmediated
_bn
_2rdamedia
338 _avolume
_bnc
_2rdacarrier
490 0 _aDergah Yayınları ;
_v550
_aTürk Edebiyatı - Şiir ;
_v40
_aAbdülhak Hamid Külliyatı ;
_v1
650 0 _aTurkish poetry
_988558
650 7 _aTürk şiiri
_2etuturkob
_984273
700 1 _aEnginün, İnci,
_d1940-
_eeditor
_920873
942 _2lcc
_cBK